[Event "Montigny le Bretonneux Noel op 20th"]
[Site "Montigny le Bretonneux"]
[Date "2019.12.29"]
[Round "6"]
[White "Benbakir, Ameur"]
[Black "Vadillo, Torre Ismael"]
[Result "1/2-1/2"]
[WhiteElo "1592"]
[BlackElo "1633"]
[PlyCount "30"]
[EventDate "2019.12.27"]
[EventType "swiss"]
[EventRounds "7"]
[EventCountry "FRA"]
[SourceTitle "CBM 194 Extra"]
[Source "ChessBase"]
[SourceDate "2020.03.31"]
[SourceVersion "1"]
[SourceVersionDate "2020.03.31"]
[SourceQuality "1"]

1. e4 e5 2. Nf3 Nc6 3. Bc4 Bc5 4. c3 Qf6 5. b4 Bb6 6. a4 a5 7. b5 Nd8 8. d4 exd4 9. cxd4 Ne6 10. e5 Qg6 11. 0-0 Nh6 12. Ba3 Nf4 13. g3 Qg4 14. Nh4 Nh3+ 15. Kg2 Nf4+ 1/2-1/2

[Event "Montigny le Bretonneux Noel op 19th"]
[Site "Montigny le Bretonneux"]
[Date "2018.12.30"]
[Round "7"]
[White "Saint Leger, Stephane"]
[Black "Benbakir, Ameur"]
[Result "1-0"]
[WhiteElo "1399"]
[BlackElo "1619"]
[PlyCount "73"]
[EventDate "2018.12.26"]
[EventType "swiss"]
[EventRounds "7"]
[EventCountry "FRA"]
[SourceTitle "CBM 188 Extra"]
[Source "ChessBase"]
[SourceDate "2019.02.26"]
[SourceVersion "1"]
[SourceVersionDate "2019.02.26"]
[SourceQuality "1"]

1. b3 Nf6 2. Bb2 g6 3. e3 Bg7 4. Nf3 0-0 5. c4 Nc6 6. Be2 d6 7. 0-0 e5 8. d4 e4 9. Nfd2 Re8 10. Nc3 Bf5 11. Rc1 Qd7 12. a3 Rad8 13. d5 Ne5 14. Nb5 a6 15. Nd4 Re7 16. Qc2 c5 17. Nxf5 Qxf5 18. f3 Qh5 19. Nxe4 Nxe4 20. fxe4 Qh6 21. Qd2 Rde8 22. Rce1 Nd7 23. Bxg7 Kxg7 24. Qc3+ Ne5 25. Rf3 Kg8 26. Rh3 Qg7 27. Qc2 f6 28. Rf1 g5 29. Bh5 Ng6 30. Rhf3 Rf8 31. Qf2 Ref7 32. Qg3 Rd7 33. Bg4 Rdd8 34. Be6+ Kh8 35. Qf2 Ne5 36. Rxf6 Rxf6 37. Qxf6 1-0

[Event "Montigny le Bretonneux Noel op 19th"]
[Site "Montigny le Bretonneux"]
[Date "2018.12.27"]
[Round "1"]
[White "Plancade, Philajit"]
[Black "Benbakir, Ameur"]
[Result "0-1"]
[WhiteElo "1154"]
[BlackElo "1619"]
[PlyCount "112"]
[EventDate "2018.12.26"]
[EventType "swiss"]
[EventRounds "7"]
[EventCountry "FRA"]
[SourceTitle "CBM 188 Extra"]
[Source "ChessBase"]
[SourceDate "2019.02.26"]
[SourceVersion "1"]
[SourceVersionDate "2019.02.26"]
[SourceQuality "1"]

1. e4 c5 2. Nf3 d6 3. Be2 Nc6 4. 0-0 Nf6 5. Nc3 g6 6. d3 Bg7 7. Bd2 0-0 8. Qc1 Be6 9. Bh6 a6 10. Bxg7 Kxg7 11. Qd2 b5 12. d4 cxd4 13. Nxd4 Nxd4 14. Qxd4 Qc7 15. Rad1 Qc5 16. Qxc5 dxc5 17. Nd5 Nxe4 18. Bf3 Ng5 19. Nc7 Nxf3+ 20. gxf3 Bh3 21. Rfe1 Ra7 22. Rxe7 Rc8 23. Nd5 Rxe7 24. Nxe7 Re8 25. Nd5 Re2 26. Rc1 Re5 27. Nc7 Rg5+ 28. Kh1 Bg2+ 29. Kg1 Bxf3+ 30. Kf1 Rh5 31. Ke1 Rxh2 32. Kd2 Bb7 33. Ke3 Rh3+ 34. Ke2 h5 35. Ne8+ Kh6 36. Rg1 Bf3+ 37. Kd2 g5 38. Nd6 f6 39. Nf7+ Kg6 40. Nd6 g4 41. c4 Rh1 42. Rxh1 Bxh1 43. cxb5 axb5 44. Nxb5 h4 45. Nc3 h3 46. Ne2 f5 47. Ng3 Bg2 48. Ke3 Kg5 49. f4+ gxf3 50. Kf2 h2 51. a4 Kg4 52. a5 f4 53. Nh1 Bxh1 54. a6 Bg2 55. a7 h1Q 56. a8Q Qf1# 0-1

[Event "Montigny le Bretonneux op 21st"]
[Site "Montigny le Bretonneux"]
[Date "2017.05.25"]
[Round "1"]
[White "Talvard, Gerard"]
[Black "Benbakir, Ameur"]
[Result "1/2-1/2"]
[WhiteElo "2002"]
[BlackElo "1486"]
[PlyCount "52"]
[EventDate "2017.05.25"]
[EventType "swiss"]
[EventRounds "9"]
[EventCountry "FRA"]
[SourceTitle "EXT 2020"]
[Source "ChessBase"]
[SourceDate "2019.10.17"]
[SourceVersion "1"]
[SourceVersionDate "2019.10.17"]
[SourceQuality "1"]

1. Nf3 Nf6 2. g3 g6 3. Bg2 Bg7 4. d4 d5 5. 0-0 0-0 6. c4 dxc4 7. Na3 Be6 8. Ng5 Bd5 9. e4 Bc6 10. d5 Be8 11. Nxc4 h6 12. Nh3 Bb5 13. Qb3 Qd7 14. Nf4 g5 15. Nd3 c6 16. dxc6 Bxc6 17. Nde5 Qc7 18. Nxc6 Nxc6 19. Be3 Rad8 20. Rac1 Ng4 21. h3 Nxe3 22. Nxe3 e6 23. Rfd1 Rxd1+ 24. Nxd1 Rd8 25. Ne3 Qe7 26. Rd1 Rxd1+ 1/2-1/2

[Event "Montigny le Bretonneux Noel op 17th"]
[Site "Montigny le Bretonneux"]
[Date "2016.12.29"]
[Round "5"]
[White "Danzanvilliers, Patrice"]
[Black "Benbakir, Ameur"]
[Result "1-0"]
[WhiteElo "1725"]
[BlackElo "1495"]
[PlyCount "43"]
[EventDate "2016.12.26"]
[EventType "swiss"]
[EventRounds "7"]
[EventCountry "FRA"]
[SourceTitle "CBM 176 Extra"]
[Source "ChessBase"]
[SourceDate "2017.03.02"]
[SourceVersion "1"]
[SourceVersionDate "2017.03.02"]
[SourceQuality "1"]

1. e4 c5 2. Nf3 Nc6 3. d4 cxd4 4. Nxd4 Nf6 5. Nc3 d6 6. Bc4 g6 7. f3 Bg7 8. Be3 0-0 9. Qd2 Ne5 10. Bb3 a6 11. 0-0-0 b5 12. h4 h5 13. Rdg1 Bd7 14. Bh6 Nc4 15. Bxc4 bxc4 16. g4 Rb8 17. gxh5 Nxh5 18. Bxg7 Kxg7 19. Rg5 Qb6 20. Nd1 f5 21. Rhg1 f4 22. Rxh5 1-0

[Event "Montigny le Bretonneux Noel op 17th"]
[Site "Montigny le Bretonneux"]
[Date "2016.12.27"]
[Round "1"]
[White "Ibazizen, Abdelatif"]
[Black "Benbakir, Ameur"]
[Result "1-0"]
[WhiteElo "2021"]
[BlackElo "1495"]
[PlyCount "41"]
[EventDate "2016.12.26"]
[EventType "swiss"]
[EventRounds "7"]
[EventCountry "FRA"]
[SourceTitle "CBM 176 Extra"]
[Source "ChessBase"]
[SourceDate "2017.03.02"]
[SourceVersion "1"]
[SourceVersionDate "2017.03.02"]
[SourceQuality "1"]

1. e4 c5 2. Nf3 Nc6 3. d4 cxd4 4. Nxd4 g6 5. c4 Nf6 6. Nc3 Bg7 7. Be3 0-0 8. Be2 e6 9. Ndb5 d5 10. cxd5 exd5 11. exd5 Ne5 12. Bc5 Re8 13. 0-0 Nfd7 14. Bd4 Nb6 15. d6 Rf8 16. a4 Bd7 17. Nc7 Qh4 18. f4 Ng4 19. h3 Nf6 20. a5 Bxh3 21. Qe1 1-0

[Event "Montigny le Bretonneux-C 15th"]
[Site "Montigny le Bretonneux"]
[Date "2016.10.23"]
[Round "2.5"]
[White "Benbakir, Ameur"]
[Black "Dimitrova, Boryana"]
[Result "0-1"]
[WhiteElo "1489"]
[BlackElo "1181"]
[PlyCount "97"]
[EventDate "2016.10.22"]
[EventType "tourn"]
[EventRounds "9"]
[EventCountry "FRA"]
[SourceTitle "EXT 2024"]
[Source "ChessBase"]
[SourceDate "2023.10.10"]
[SourceVersion "1"]
[SourceVersionDate "2023.10.10"]
[SourceQuality "1"]

1. e4 e5 2. Nf3 Nc6 3. Bc4 Be7 4. d4 exd4 5. Nxd4 d6 6. 0-0 Nf6 7. Nc3 0-0 8. Re1 Bd7 9. a3 Re8 10. h3 h6 11. Be3 Bf8 12. Qf3 Ne5 13. Qe2 Nxc4 14. Qxc4 Nxe4 15. Re2 Nxc3 16. Qxc3 c6 17. Rae1 Qf6 18. Qd2 Rad8 19. Nf3 c5 20. b3 Bc6 21. Nh2 Qg6 22. f3 d5 23. a4 Bd6 24. Kh1 Bg3 25. Bf2 Rxe2 26. Rxe2 Bxf2 27. Rxf2 Re8 28. Re2 Rxe2 29. Qxe2 d4 30. Ng4 Qe6 31. Qxe6 fxe6 32. Ne5 Bd5 33. Kg1 Kf8 34. Nd7+ Ke7 35. Nxc5 b6 36. Nd3 Kd6 37. f4 Be4 38. Kf2 Bxd3 39. cxd3 Kc5 40. Kf3 Kb4 41. Ke4 Kxb3 42. Kxd4 Kxa4 43. Kc3 b5 44. Kb2 Kb4 45. g4 a5 46. h4 a4 47. g5 hxg5 48. fxg5 a3+ 49. Ka2 0-1

[Event "Montigny le Bretonneux-C 15th"]
[Site "Montigny le Bretonneux"]
[Date "2016.10.22"]
[Round "1.2"]
[White "Branson, James"]
[Black "Benbakir, Ameur"]
[Result "1-0"]
[WhiteElo "1581"]
[BlackElo "1489"]
[PlyCount "75"]
[EventDate "2016.10.22"]
[EventType "tourn"]
[EventRounds "9"]
[EventCountry "FRA"]
[SourceTitle "EXT 2024"]
[Source "ChessBase"]
[SourceDate "2023.10.10"]
[SourceVersion "1"]
[SourceVersionDate "2023.10.10"]
[SourceQuality "1"]

1. e4 c5 2. Nc3 a6 3. a4 Nc6 4. f4 e5 5. d3 f5 6. exf5 Nf6 7. Ne4 Be7 8. Nxf6+ Bxf6 9. Qh5+ Kf8 10. c3 Qe7 11. Be2 e4 12. dxe4 Qxe4 13. Nf3 d5 14. 0-0 Qxf5 15. Ng5 g6 16. Qh6+ Kg8 17. g4 Bg7 18. Qh5 Qf6 19. f5 gxf5 20. gxf5 d4 21. Bc4+ Kf8 22. Nxh7+ Rxh7 23. Qxh7 Ne5 24. Qg8+ Ke7 25. Bd2 Bxf5 26. Qxa8 Qg6+ 27. Kf2 Nxc4 28. Qxb7+ Bd7 29. Rae1+ Be5 30. Qe4 Bf5 31. Qh4+ Kd7 32. Bf4 Ne3 33. Rg1 Qd6 34. Bxe5 Qxe5 35. h3 Be4 36. Qg3 Qf6+ 37. Ke2 Qf3+ 38. Qxf3 1-0

[Event "Montigny le Bretonneux 1hKO 20th"]
[Site "Montigny le Bretonneux"]
[Date "2016.05.08"]
[Round "7.9"]
[White "Hedjazian, Farhad"]
[Black "Benbakir, Ameur"]
[Result "1-0"]
[WhiteElo "1657"]
[BlackElo "1504"]
[PlyCount "52"]
[EventDate "2016.05.05"]
[EventType "swiss"]
[EventRounds "7"]
[EventCountry "FRA"]
[SourceTitle "EXT 2024"]
[Source "ChessBase"]
[SourceDate "2023.10.10"]
[SourceVersion "1"]
[SourceVersionDate "2023.10.10"]
[SourceQuality "1"]

1. d4 Nf6 2. Nf3 g6 3. e3 Bg7 4. Bd3 d6 5. Nbd2 Nbd7 6. c3 c5 7. 0-0 0-0 8. Re1 Nd5 9. Ne4 b6 10. Ng3 Bh6 11. e4 Nf4 12. Be3 e5 13. Qd2 Qe7 14. d5 Nf6 15. Ne2 Bg4 16. Nxf4 Bxf3 17. Nxg6 fxg6 18. Bxh6 Rf7 19. gxf3 Nh5 20. Qg5 Qd7 21. Qg4 Qe7 22. Bg5 Qf8 23. Be2 Kg7 24. Kh1 Qe8 25. Be3 Qe7 26. Rg1 Raf8 1-0

[Event "Montigny le Bretonneux 1hKO 20th"]
[Site "Montigny le Bretonneux"]
[Date "2016.05.05"]
[Round "2.15"]
[White "Benbakir, Ameur"]
[Black "Marchal, Mathilde"]
[Result "0-1"]
[WhiteElo "1504"]
[BlackElo "1190"]
[PlyCount "116"]
[EventDate "2016.05.05"]
[EventType "swiss"]
[EventRounds "7"]
[EventCountry "FRA"]
[SourceTitle "EXT 2024"]
[Source "ChessBase"]
[SourceDate "2023.10.10"]
[SourceVersion "1"]
[SourceVersionDate "2023.10.10"]
[SourceQuality "1"]

1. e4 e6 2. d4 d5 3. Nc3 Bb4 4. exd5 exd5 5. Bd2 Nc6 6. a3 Bxc3 7. Bxc3 Nf6 8. Qe2+ Be6 9. f3 0-0 10. 0-0-0 Re8 11. Qf2 Bf5 12. g4 Bg6 13. h4 h6 14. Bd2 Qd6 15. g5 hxg5 16. hxg5 Nd7 17. Qh4 f6 18. gxf6 Qxf6 19. Qxf6 Nxf6 20. c3 Re6 21. Bh3 Re7 22. Rh2 Rae8 23. Bf1 a6 24. Re2 Kf8 25. Rde1 Rxe2 26. Nxe2 Bd3 27. Kd1 Bxe2+ 28. Rxe2 Rxe2 29. Kxe2 Ke7 30. Bf4 Kd7 31. Bh3+ Kd8 32. Ke3 Na5 33. Bg5 Ke8 34. b4 Nc4+ 35. Kf2 Nxa3 36. Bf5 Nd7 37. Bf4 c6 38. Bd6 Nb5 39. Bxd7+ Kxd7 40. Be5 g6 41. c4 dxc4 42. Ke2 b6 43. Kd2 c5 44. bxc5 bxc5 45. dxc5 Kc6 46. Kc1 Kxc5 47. f4 a5 48. Kb2 Kb4 49. Ka2 a4 50. Kb2 a3+ 51. Ka2 Nc3+ 52. Bxc3+ Kxc3 53. Kxa3 Kd3 54. Kb2 Kd2 55. Ka1 c3 56. Kb1 c2+ 57. Kb2 c1Q+ 58. Kb3 Qc8 0-1

[Event "Montigny le Bretonneux 1hKO 20th"]
[Site "Montigny le Bretonneux"]
[Date "2016.05.05"]
[Round "3.17"]
[White "Griffon Du Bellay, Mathilde"]
[Black "Benbakir, Ameur"]
[Result "0-1"]
[WhiteElo "1060"]
[BlackElo "1504"]
[PlyCount "86"]
[EventDate "2016.05.05"]
[EventType "swiss"]
[EventRounds "7"]
[EventCountry "FRA"]
[SourceTitle "EXT 2024"]
[Source "ChessBase"]
[SourceDate "2023.10.10"]
[SourceVersion "1"]
[SourceVersionDate "2023.10.10"]
[SourceQuality "1"]

1. e4 c5 2. Nc3 a6 3. Nf3 Nc6 4. Be2 d6 5. d3 g6 6. Bf4 Bg7 7. 0-0 e5 8. Bg5 Nf6 9. Nd5 0-0 10. Qd2 Be6 11. Rad1 Bxd5 12. exd5 Ne7 13. Be3 Nfxd5 14. d4 Nxe3 15. Qxe3 exd4 16. Qe4 Nc6 17. Rd3 Re8 18. Qd5 Rxe2 19. Rc1 Nb4 20. Qxb7 Nxd3 21. cxd3 Qe8 22. a4 Bh6 23. Rf1 Rb8 24. Qxa6 Rbxb2 25. Qxd6 Rbc2 26. h3 Qxa4 27. Qd8+ Kg7 28. Qd6 Qa2 29. Qg3 Qb3 30. Kh2 Qxd3 31. h4 Qb3 32. Kh3 Qb2 33. h5 Rxf2 34. hxg6 hxg6 35. Rxf2 Rxf2 36. Nh4 Qe2 37. Kh2 Bf4 38. Nf5+ Kf8 39. Kh1 Bxg3 40. Nxg3 Qc2 41. Ne4 Rxg2 42. Nxc5 Rh2+ 43. Kg1 Qg2# 0-1

[Event "Montigny le Bretonneux 1hKO 20th"]
[Site "Montigny le Bretonneux"]
[Date "2016.05.05"]
[Round "1.3"]
[White "Talvard, Gerard"]
[Black "Benbakir, Ameur"]
[Result "1-0"]
[WhiteElo "2002"]
[BlackElo "1504"]
[PlyCount "115"]
[EventDate "2016.05.05"]
[EventType "swiss"]
[EventRounds "7"]
[EventCountry "FRA"]
[SourceTitle "EXT 2024"]
[Source "ChessBase"]
[SourceDate "2023.10.10"]
[SourceVersion "1"]
[SourceVersionDate "2023.10.10"]
[SourceQuality "1"]

1. Nf3 Nf6 2. g3 g6 3. Bg2 Bg7 4. d4 c6 5. 0-0 0-0 6. c4 d5 7. cxd5 cxd5 8. Nc3 Nc6 9. Ne5 e6 10. Nxc6 bxc6 11. Na4 Nd7 12. Bf4 Ba6 13. Rc1 Bb5 14. Nc3 Ba6 15. Qa4 Bb7 16. Rfd1 e5 17. dxe5 Bxe5 18. Bxe5 Nxe5 19. Qf4 Qe7 20. e4 g5 21. Qe3 Nc4 22. Qe2 Rad8 23. b3 Nb6 24. exd5 Qxe2 25. Nxe2 Nxd5 26. Nd4 Rd6 27. Rc5 Rfd8 28. Rdc1 Nb4 29. Bxc6 Nxc6 30. Nxc6 Rd1+ 31. Rxd1 Rxd1+ 32. Kg2 Rd6 33. Rxg5+ Kf8 34. Ra5 Bxc6+ 35. Kf1 Bf3 36. Re5 Rd1+ 37. Re1 Rd2 38. Re3 Bc6 39. a3 a6 40. b4 Bb5+ 41. Kg2 Kg7 42. g4 f6 43. h4 Kg6 44. Kg3 Rd4 45. f4 h5 46. g5 fxg5 47. hxg5 Rd1 48. Re6+ Kf7 49. f5 Rd3+ 50. Kf4 Rd4+ 51. Ke5 Rg4 52. g6+ Kg7 53. Re7+ Kf8 54. Kf6 Bc4 55. Rc7 Ke8 56. g7 Bb5 57. Rc8+ Kd7 58. g8Q 1-0

[Event "Montigny le Bretonneux Noel op 16th"]
[Site "Montigny le Bretonneux"]
[Date "2015.12.28"]
[Round "4"]
[White "Delpech, Olivier"]
[Black "Benbakir, Ameur"]
[Result "0-1"]
[WhiteElo "1665"]
[BlackElo "1399"]
[PlyCount "98"]
[EventDate "2015.12.27"]
[EventType "swiss"]
[EventRounds "7"]
[EventCountry "FRA"]
[SourceTitle "CBM 170 Extra"]
[Source "ChessBase"]
[SourceDate "2016.02.25"]
[SourceVersion "1"]
[SourceVersionDate "2016.02.25"]
[SourceQuality "1"]

1. c4 e6 2. d4 b6 3. Nc3 Bb7 4. Bf4 Nf6 5. e3 d5 6. cxd5 Nxd5 7. Bg3 Bd6 8. Qg4 0-0 9. Nge2 Nb4 10. 0-0-0 a5 11. e4 Nd7 12. a3 Nc6 13. e5 f5 14. exf6 Qxf6 15. Ne4 Qh6+ 16. Kb1 Bxg3 17. Qxg3 Rac8 18. N2c3 Ne7 19. Bc4 Nf5 20. Qd3 Nd6 21. f3 Qg6 22. Bb3 Bxe4 23. fxe4 Rf2 24. Rhe1 Kf7 25. e5 Nf5 26. Qe4 Ke7 27. Rf1 Rxf1 28. Rxf1 Nxd4 29. Qxg6 hxg6 30. Ka2 Nxe5 31. Rf4 c5 32. Bd1 Rf8 33. Re4 Kd6 34. h4 b5 35. Ne2 Nxe2 36. Rxe2 Nc6 37. Bc2 Nd4 38. Rd2 Rf6 39. g4 Rf4 40. Bxg6 Rxg4 41. h5 e5 42. Bf7 e4 43. Be8 b4 44. Bb5 e3 45. Rd3 e2 46. Re3 Nxb5 47. Rxe2 Nd4 48. Rd2 b3+ 49. Kb1 Rg1+ 0-1